Education Quality Evaluation of Life-long Learning

Problém kvality vo vzdelávacích organizáciách, zamerané na celoživotné vzdelávanie a stratégiu vzdelávania v Slovenskej republike. Inovácie a kvalita. Vzdelávacia stratégia celoživotného vzdelávania na Slovensku. Systémy zabezpečenia kvality v oblasti vzdelávania. ISO normy 9001:2008, ktoré môžu byť...

Descrizione completa

Salvato in:
Dettagli Bibliografici
Autore principale: Lacková, Alica
Natura: Capitolo di libro
Lingua:inglese
Soggetti:
Tags: Aggiungi Tag
Nessun Tag, puoi essere il primo ad aggiungerne!!

MARC

LEADER 00000naa$a2200000$$$4500
001 0118348
005 20240502083309.6
041 0 |a eng 
044 |a RO 
245 1 0 |a Education Quality Evaluation of Life-long Learning  |c Alica Lacková 
520 |a Problém kvality vo vzdelávacích organizáciách, zamerané na celoživotné vzdelávanie a stratégiu vzdelávania v Slovenskej republike. Inovácie a kvalita. Vzdelávacia stratégia celoživotného vzdelávania na Slovensku. Systémy zabezpečenia kvality v oblasti vzdelávania. ISO normy 9001:2008, ktoré môžu byť aplikované pre vzdelávacie organizácie. 
610 2 0 |a vzdelávanie 
610 2 0 |a vzdelávanie celoživotné 
610 2 0 |a kvalita 
610 2 0 |a Slovensko 
100 1 |a Lacková, Alica